000
00206nam a2200097Ia 4500
008
190216s9999||||xx |||||||||||||| ||und||
100
_a
Thyagi B P
245
0
_a
Economic Systems
260
_b
Null
942
_c
BK
999
_c
9488
_d
9488